000 00333nam a2200145Ia 4500
005 20251222140112.0
008 251222s1900||||xx |||||||||||||| ||spa||
020 _a8486067316
082 _a509/G13
100 _aGafo, J.
245 0 _a¿Ciencia sin Conciencia?
250 _a1ra. ed.
264 _bArte Grafica Soler
942 _cLIB
999 _c4349
_d4349